Desserts #2 - Mort Subite - Statistiques

Statistiques générales
  • Ce quiz a été pris 999 fois
  • Le résultat moyen est 9 sur 16
Answers on the Grid
Answers color-coded by a green-red scale on the quiz's grid according to % correct below.
Mousse au chocolat
Tarte au citron
Merveilleux
Cannoli
Mille-feuille
Omelette norvégienne
Mont-blanc
Tire d'érable
Baklava
Banane flambée
Pastel de nata
Pets de soeur
Paris-brest
Macarons
Pommes d'amour
Teurgoule
Pommes duchesse
Macaroni au fromage
Pastel de papa
Saucisses au sirop d'érable
Mousse de foie de canard au porto
Tarte au maroilles
Omelette espagnole / Tortilla de patatas
Riz sauce feuille
Tantuni
Beignets de fleurs de courgette
Cannelloni
Bretzel salé
 
Statistiques - réponses
Réponse % Correct
Macarons
79%
Tarte au citron
79%
Mille-feuille
78%
Mousse au chocolat
78%
Paris-brest
77%
Banane flambée
74%
Pommes d'amour
72%
Mont-blanc
62%
Pastel de nata
62%
Baklava
60%
Merveilleux
59%
Omelette norvégienne
38%
Cannoli
34%
Tire d'érable
29%
Pets de soeur
25%
Teurgoule
23%
Aucun quiz correspondant
Distribution des résultats
% des personnes avec chaque résultat
Percentile par nombre de réponses
Votre historique - résultats
Vous n’avez pas pris ce quiz